| 000 | 02362nam a2200433 a 4500 | ||
|---|---|---|---|
| 001 | ebr10747530 | ||
| 003 | CaPaEBR | ||
| 006 | m o u | ||
| 007 | cr cn||||||||| | ||
| 008 | 130322s2013 mau sb 001 0 eng d | ||
| 010 | _z 2012051748 | ||
| 020 | _z9780262019446 (hardcover : alk. paper) | ||
| 020 | _z9780262316538 (e-book) | ||
| 040 |
_aCaPaEBR _cCaPaEBR |
||
| 035 | _a(OCoLC)856929636 | ||
| 043 | _an-us--- | ||
| 050 | 1 | 4 |
_aUA22 _b.S57 2013eb |
| 082 | 0 | 4 |
_a358.1/740973 _223 |
| 100 | 1 |
_aSlayton, Rebecca, _d1974- |
|
| 245 | 1 | 0 |
_aArguments that count _h[electronic resource] : _bphysics, computing, and missile defense, 1949-2012 / _cRebecca Slayton. |
| 260 |
_aCambridge, Mass. : _bMIT Press, _c2013. |
||
| 300 | _axi, 325 p. | ||
| 504 | _aIncludes bibliographical references and index. | ||
| 505 | 0 | _aSoftware and the Race against Surprise Attack -- Framing an "Appallingly Complex" System -- Complexity and the "Art or Evolving Science" of Software -- "No Technological Solution" -- What Crisis? Software in the "Safeguard" Debate -- The Politics of Complex Technology -- The Political Economy of Software Engineering -- Nature and Technology in the Star Wars Debate -- Conclusion: Complexity Unbound -- Unpublished Sources and Notations. | |
| 533 |
_aElectronic reproduction. _bPalo Alto, Calif. : _cebrary, _d2013. _nAvailable via World Wide Web. _nAccess may be limited to ebrary affiliated libraries. |
||
| 650 | 0 |
_aNational security _zUnited States _xHistory _y20th century. |
|
| 650 | 0 |
_aNational security _zUnited States _xHistory _y21st century. |
|
| 650 | 0 |
_aBallistic missile defenses _zUnited States _xHistory. |
|
| 650 | 0 |
_aPhysicists _xPolitical activity _zUnited States _xHistory. |
|
| 650 | 0 |
_aComputer scientists _xPolitical activity _zUnited States _xHistory. |
|
| 650 | 0 |
_aPhysics _xPolitical aspects _zUnited States _xHistory. |
|
| 650 | 0 |
_aComputer science _xPolitical aspects _zUnited States _xHistory. |
|
| 650 | 0 |
_aTechnological complexity _xPolitical aspects _zUnited States _xHistory. |
|
| 650 | 0 |
_aSoftware engineering _xPolitical aspects _zUnited States _xHistory. |
|
| 651 | 0 |
_aUnited States _xMilitary policy. |
|
| 655 | 7 |
_aElectronic books. _2local |
|
| 710 | 2 | _aebrary, Inc. | |
| 856 | 4 | 0 |
_uhttp://site.ebrary.com/lib/rucke/Doc?id=10747530 _zAn electronic book accessible through the World Wide Web; click to view |
| 999 |
_c15135 _d15135 |
||